000 01348cad a22002895a 4500
001 E149565
008 100322s2010 xxk s000 0 eng u
020 _a9780755978533
022 1 _a0141-514X
035 _a(Sirsi) u149565
041 _aeng
050 0 4 _a711.1
110 _aScotland
_bScottish Government
_95344
245 0 0 _aPlanning advice note PAN 1/2010
_bstrategic environmental assessment of development plans
_h[electronic resource]
260 _aEdinburgh
_bScottish Government
_c2010
490 _aPlanning Advice Note
_v(1/2010)
505 2 _a1. Introduction -- Aims of strategic environmental assessment -- Key principles -- Integration -- Proportionality -- More efficient resourcing -- Conclusion
520 _aOffers guidance to those carrying out a Strategic Environmental Assessment (SEA) of a strategic or local development plan. Seeks to encourage innovation in the assessment of development plans and sets out the key principles of SEA within the context of planning.
521 _aAdvanced
590 _aKA
650 _aPAN1/2010
650 2 4 _aENVIRONMENTAL ASSESSMENT (SCOTLAND) ACT 2005
651 4 _aScotland
_y1999-
690 _aPlanning and development
_96259
856 4 0 _uhttps://www.scotland.gov.uk/Publications/2010/03/18102824/0
_zView the PAN free of charge at www.scotland.gov.uk
942 _n0
999 _c110538
_d110538